00413nam a22001337a 4500008004100000040001800041041000800059100002800067245007600095260004600171300001800217490002200235650002200257130821s1911 fr gr fre  aCo-BoUCMbspa00afre aHugo, Victord1802-188503aLepape. La pitié suprme. Religions et religion. L'necPar Victor Hugo aParís (Francia)bNelson, Editeursc1911 a372 páginas aCollection Nelson04aPoesía francesa